| 000 | 00308nam a22001097a 4500 | ||
|---|---|---|---|
| 008 | 230626b xxu||||| |||| 00| 0 eng d | ||
| 082 |
_a328.34 _bKER 1960 |
||
| 245 | _aParliamentary Supervision of Delegated Legislation | ||
| 260 |
_aLondon _bStevens & Sons Limited _c1960 |
||
| 300 | _aXVI,178p | ||
| 942 |
_2ddc _cBK |
||
| 999 |
_c2604 _d2604 |
||